000 00845nam a22002531u 4500
001 06985
003 HDC
007 cr bn ---
008 210125p9999 o d 00 engg
040 _aHDC
100 _aMohamad Yakob Munshi Deen
_eauthor
_97487
245 0 _aHalagel / by
_cMohamad Yakob Munshi Deen
260 _a[No Place] :
_b[publisher not identified],
_c[no year]
300 _a39 pages :
_billustrations
336 _atext
_2rdacontent
337 _acomputer
_2rdamedia
338 _aonline resource
_2rdacarrier
650 _aHalal capsules
_97488
650 _aHalal Gelatin
_97489
856 _zRequest full-text at [email protected]
942 _2lcc
942 _cSLIDE
942 _kSLID 000228
999 _c4309
_d4309